| 000 | 00896cam a22002534a 4500 | ||
|---|---|---|---|
| 001 | 14410415 | ||
| 005 | 20201124142401.0 | ||
| 008 | 060612s2007 njua b 001 0 eng | ||
| 010 | _a 2006048552 | ||
| 020 | _a0132037947 | ||
| 035 | _a(OCoLC)ocm70158580 | ||
| 035 | _a(OCoLC)70158580 | ||
| 040 |
_aDLC _cDLC _dBAKER _dC#P _dYDXCP _dOCLCQ _dIXA _dDLC |
||
| 042 | _apcc | ||
| 050 | 0 | 0 |
_aTK5101 _b.C69 2007 |
| 082 | 0 | 0 |
_a621.382 _222 _bCOU |
| 245 | 1 | 0 |
_aDigital and Analog Communication Systems / _cLeon W. Couch |
| 250 | _a7th ed. | ||
| 260 |
_aUpper Saddle River, N.J. : _bPearson/Prentice Hall, _cc2007. |
||
| 300 |
_axxvii, 749 p. : _bill. ; _c25 cm. |
||
| 504 | _aIncludes bibliographical references (p. 710-722) and index. | ||
| 942 |
_2ddc _cBB |
||
| 999 |
_c12877 _d12877 |
||